Heat transfer (Record no. 3641)

000 -LEADER
fixed length control field 00564nam a2200229 a 4500
001 - CONTROL NUMBER
control field 3641
003 - CONTROL NUMBER IDENTIFIER
control field BD-DhUET
008 - FIXED-LENGTH DATA ELEMENTS--GENERAL INFORMATION
fixed length control field 960506s1997 nyua b 001 0 eng
020 ## - INTERNATIONAL STANDARD BOOK NUMBER
International Standard Book Number 0071143203
020 ## - INTERNATIONAL STANDARD BOOK NUMBER
International Standard Book Number 0078447852
040 ## - CATALOGING SOURCE
Original cataloging agency DLC
Transcribing agency DLC
Modifying agency BD-DhUET
082 00 - DEWEY DECIMAL CLASSIFICATION NUMBER
Classification number 621.011
Item number HOL/1997
100 1# - MAIN ENTRY--PERSONAL NAME
Personal name Holman, J. P.
245 10 - TITLE STATEMENT
Title Heat transfer
250 ## - EDITION STATEMENT
Edition statement 8th ed.
260 ## - PUBLICATION, DISTRIBUTION, ETC. (IMPRINT)
Place of publication, distribution, etc. New York
Name of publisher, distributor, etc. McGraw-Hill
Date of publication, distribution, etc. 1997
300 ## - PHYSICAL DESCRIPTION
Extent xviii, 696 p.
Other physical details ill.
490 ## - SERIES STATEMENT
Series statement Schaum's outline series
504 ## - BIBLIOGRAPHY, ETC. NOTE
Bibliography, etc Includes bibliographies
650 #0 - SUBJECT ADDED ENTRY--TOPICAL TERM
Topical term or geographic name as entry element Heat transfer
942 ## - ADDED ENTRY ELEMENTS (KOHA)
Koha item type General Book
Holdings
Sublocation or collection (holding branch) Price effective from Not for loan Koha full call number Koha issues (times borrowed) Koha date last borrowed Piece designation (barcode) Copy number Shelving location Source of classification or shelving scheme Koha item type Location (home branch) Withdrawn status Lost status Koha date last seen Date acquired Damaged status Koha out on loan Koha normalized classification for sorting
Central Library, BUET2014-11-03 621.011/HOL/199732025-04-27924501Circulation section General BookCentral Library, BUET  2025-04-272014-11-03 2025-05-11621_011000000000000_HOL_1997
Central Library, BUET2014-11-03 621.011/HOL/1997  924522Circulation section General BookCentral Library, BUET  2014-11-032014-11-03  621_011000000000000_HOL_1997
Central Library, BUET2014-11-03 621.011/HOL/1997  924533Circulation section General BookCentral Library, BUET  2016-07-302014-11-03  621_000000000000000_011HOL1997
Central Library, BUET2014-11-03 621.011/HOL/199712022-01-09924544Circulation section General BookCentral Library, BUET  2022-06-082014-11-03  621_000000000000000_011HOL1997
Central Library, BUET2014-11-03 621.011/HOL/199722024-10-02924555Circulation section General BookCentral Library, BUET  2024-10-282014-11-03  621_000000000000000_011HOL1997
Central Library, BUET2014-11-03 621.011/HOL/199732023-12-10924576Circulation section General BookCentral Library, BUET  2024-08-312014-11-03  621_000000000000000_011HOL1997
Central Library, BUET2014-11-03 621.011/HOL/1997  924597Circulation section General BookCentral Library, BUET  2014-11-032014-11-03  621_000000000000000_011HOL1997
Central Library, BUET2014-11-03 621.011/HOL/199712024-03-12924608Circulation section General BookCentral Library, BUET  2024-08-282014-11-03  621_011000000000000_HOL_1997
Central Library, BUET2014-11-03 621.011/HOL/199712024-04-08924619Circulation section General BookCentral Library, BUET  2024-06-222014-11-03  621_000000000000000_011HOL1997
Central Library, BUET2014-11-03 621.011/HOL/199752024-12-109246210Circulation section General BookCentral Library, BUET  2025-03-122014-11-03  621_000000000000000_011HOL1997
Central Library, BUET2014-11-03 621.011/HOL/199712015-03-049246411Circulation section General BookCentral Library, BUET  2017-05-032014-11-03  621_000000000000000_011HOL1997
Central Library, BUET2014-11-03 621.011/HOL/199732019-06-179246512Circulation section General BookCentral Library, BUET  2019-07-102014-11-03  621_000000000000000_011HOL1997
Central Library, BUET2014-11-03 621.011/HOL/199732022-05-249246613Circulation section General BookCentral Library, BUET  2022-06-082014-11-03  621_000000000000000_011HOL1997
Central Library, BUET2015-04-12 621.011 HOL/1997  9246814Circulation section General BookCentral Library, BUET  2015-04-122015-04-12  621_011000000000000_HOL_1997
Central Library, BUET2015-07-02 621.011/HOL/1997  9244715Reading section Reading ItemCentral Library, BUET  2015-07-022015-07-02  621_011000000000000_HOL_1997
Central Library, BUET2015-07-09 621.011/HOL/1997  9244616Reading section Reading ItemCentral Library, BUET  2015-07-092015-07-09  621_011000000000000_HOL_1997